000 01879agaaa2200349 4500
001 1479
003 IT-RoPAU
005 20220918181245.0
007 d cvaizq
008 50131s9999||||xx ||| | || ||und||
040 _aIT-RoPAU
_cIT-RoPAU
041 _aITALIANO
100 _aBunuel Luis
_gCodice regista SPICS: 8694
_936748
130 _aFIGLI DELLA VIOLENZA (I)
_946795
240 _aOLVIDADOS (LOS)
_gT1226
245 _aFIGLI DELLA VIOLENZA (I)
_cProdotto da: Lombroso Henry -- Sceneggiatura: Carles Jose' B. -- Diretto da: Bunuel Luis
_pFIGLI DELLA VIOLENZA (I) (Rif. Codice opera principale : 21479)
246 _aOLVIDADOS (LOS)
250 _aEdizione Standard
260 _aMESSICO (MESSICO)
_bULTRAMAR FILM / Distribuzione: RAI
_g"1950 (1° ed.: 2001 ; Ed. Lingua Orig.: 1950)"
300 _aVHS
_bsonoro, b&w
_c90 minuti
508 _a"Fotografia: Figueroa Gabriel; Montaggio: Claridge W.W.; Musica: Pittaluga Gustavo; Sceneggiatura: Carles Jose' B.; Scenografia: Fitzgerald Edward; Soggetto: Bunuel Luis -- Alcariza L."
511 _a"Inda Estela; Inclan Miguel; Mejia Alfonso; Cobo Roberto; Fuentes Alma; Delia"
520 _aFILM IN BIANCO E NERO PRESENTATO AL FESTIVAL DI CANNES NEL 1951 DOVE OTTENNE IL PREMIO PER LA MIGLIOR REGIA QUESTO FILM-E'-BASATO-SU-FATTI-REALMENTE-ACCADUTI IGNORANZA MISERIA RIFORMATORIO ADOLESCENTI-CHE-SI-RENDONO-RESPONSABILI-DI-FURTI-UCCISIONI-E-CRIMINI-COMUNI
538 _aPAL, STEREO
546 _aITALIANO
650 _aDRAMMA SOCIALE
_eFILMS [VHS]
_xCodice MATERIA SPICS: 9960
_936988
700 _aAlcariza L.
_e(soggetto)
_gCodice Soggetto 2° SPICS: 28821
_946796
700 _aBunuel Luis
_e(regista)
_gCodice regista SPICS: 8694
_936748
700 _aBunuel Luis
_e(soggetto)
_gCodice Soggetto SPICS: 8694
_946797
700 _aPittaluga Gustavo
_e(musica)
_gCodice Musica SPICS: 28823
_946798
942 _cVH
_2ddc
999 _c106420
_d106420